000 00459ntaaa2200181 4500
003 01
005 20251027202355.0
008 0714s1973 ag 01
040 _aAR-BaBN
_bspa
_cAR-BaBN
_eaacr
_dRIC
082 _a282.0000 S929
100 _aStutfield, Hugh E. M.
_922455
245 _aThe roman mischief maker
250 _a1 ed.
260 _aLondon :
_b"National Review" Office,
_c1919
300 _a254 p
650 _aiglesia catolica
_9476
942 _cBK
999 _c18648
_d18648